000 00568nam a2200205Ii 4500
003 JO-AjNU
008 230606s9999||||xx |||||||||||||| ||und||
020 _a978-81-224-3559-7
040 _aJO-AjNU
_beng
_erda
_cJO-AjNU
041 _aeng
050 1 4 _aTa1.b48.2014
100 3 _aBhavikatti,
_eauthor
_94503
245 0 0 _aBasics Of Civil Engineering
264 3 1 _aNew Delhi: New age,2014
300 _a136p
336 _atext
_btxt
_2rdacontent
337 _aunmediated
_bn
_2rdamedia
338 _avolume
_bnc
_2rdacarrier
650 4 _aCivil Engineering
_94504
999 _aE2337
_c2335
_d2335